| 000 | 01630cam a2200421 4500 | ||
|---|---|---|---|
| 008 | 020325n2002 000 0 eng u | ||
| 020 | _a0471386871 | ||
| 035 | _a(Sirsi) u117215 | ||
| 041 | _aeng. | ||
| 050 | _a690.8 | ||
| 100 | _aAllen, E. | ||
| 245 | _aFundamentals of residential construction | ||
| 260 |
_aNew York _bWiley _c2002 |
||
| 300 |
_ax, 577p. _bill _c2002 |
||
| 350 | _a59.50 | ||
| 520 | _aAn American text which offers a comprehensive presentation of today's residential construction systems, from foundation to roof and exterior finishes to interior details, including mechanical and electrical systems. Includes drawings and extensive photographic illustrations. Emphasises wood light frame construction, widely used in North America, but also covers industrialised systems of construction and alternative residential construction systems. | ||
| 650 | _aRESIDENTIAL CONSTRUCTION | ||
| 650 | _aWOOD LIGHT FRAME CONSTRUCTION | ||
| 650 | _aTIMBER FRAME CONSTRUCTION | ||
| 650 | _aPANELISED CONSTRUCTION | ||
| 650 | _aARCHITECTURE | ||
| 650 | _aBUILT ENVIRONMENT-BUILDING ELEMENTS-COMPLETE BUILDING ELEMENTS-WALLS | ||
| 650 | _aMASONRY | ||
| 650 | _aCONCRETE | ||
| 650 | _aFRAMING | ||
| 650 | _aROOF | ||
| 650 | _aELECTRICAL WIRING | ||
| 650 | _aPLUMBING | ||
| 650 | _aHEATING | ||
| 650 | _aCOOLING | ||
| 650 | _aTHERMAL INSULATION | ||
| 650 | _aFIREPLACES | ||
| 650 | _aBUILT ENVIRONMENT-BUILDING ELEMENTS-COMPLETE BUILDING ELEMENTS-FOUNDATIONS | ||
| 650 | _aBUILT ENVIRONMENT-BUILDING MATERIALS | ||
| 690 | _aBUILT ENVIRONMENT | ||
| 700 | _aThallon, R. | ||
| 942 | _n0 | ||
| 999 |
_c101958 _d101958 |
||